000 00255nam a2200109Ia 4500
008 190216s9999||||xx |||||||||||||| ||und||
100 _aMoosakutty
245 0 _aPsc Guide 1987
260 _b"V Publishers , Kottayam"
650 _aReferences
942 _cREF
999 _c35858
_d35858